02212nam a2200253Ia 450000500170000000800410001704000440005804100080010208200170011010000170012724201110014424500900025526001210034530000400046650010260050650500270153250600210155952000610158054600210164165000500166265000430171265300190175585601840177420190911154524.0130821s1638 sp fr 1 latsu aCo-BoUCMbspacSandra YazodSandra Yazo0 alat04a340.59462201 aVela, José00aDisertaciones sobre discusiones jurídicas en el Supremo Consejo de SevillacAutor D. D. José Velayspa10aDissertationes iuris controversi in Hispalensi Senatu ...cAuthore D. D. Iosepho Vela aGranatae [Granada] (España)bApud Vincentium Aluarez a Mariz [En los talleres de Vicente Álvarez de Mariz]c1638 a[16], 260, [50] foliosc30 x 21 cm. aDetalles físicos: Encuadernación flexible en pergamino. Tapas y lomo con pergamino arrugado, manchado y roto. Ejemplar desencuadernado. Sin guarda delantera, la guarda posterior con texto impreso anterior y una de ellas desprendida. Portada impresa en una sola tinta con un grabado de un escudo heráldico del Conde-duque de Olivares, marcado (I. de Courbes) y anotaciones manuscritas. Licencias y permisos. Privilegio real. Tasación. Fe de erratas. Dedicatoria. Palabras al lector. Versos latinos de elogio al autor y su obra. Índice inicial. Antes del Folio 1 un grabado del autor, marcado (I. de Courbes). Cenefas. Mayúsculas capitales. Texto impreso en dos columnas con varios tipos y tamaños de letra. Sumarios iniciales y párrafos numerados. Signaturas y reclamos. Ejemplar descuadernado, varias hojas sueltas (folios 120, 156). Folio 252 rotura que afecta el texto. Perforaciones de insectos (fol. 29). Fol. 257 rasgado. Bordes de página muy irregulares. Varios subrayados y anotaciones marginales0 aDisertaciones 1 – 26 aConsulta en sala aDoctrina y jurisprudencia del Consejo Supremo de Granada aTexto en latín 7aDerecho eclesiasticoxObras anteriores a 1800 7aDerecho civilxObras anteriores a 1800 aAmbos derechos uhttp://www.bibliotecavirtualdeandalucia.es/catalogo/es/catalogo_imagenes/grupo.cmd?path=1000031&interno=S®istrardownload=0&posicion=1&presentacion=paginazDisponible en línea